Shortest Capital Names by Continent - Statistics

General Stats
  • This quiz has been taken 468 times
    458 since last reset
  • The average score is 13 of 18
Answer Stats
Continent Capital % Correct
South America Lima
92%
Rome
88%
Oslo
86%
Riga
83%
Europe Bern
82%
Kiev
75%
Suva
75%
Oceania Apia
71%
Doha
70%
Lomé
69%
Dili
67%
Malé
67%
Asia Baku
63%
North America Havana
63%
Ottawa
61%
Africa Juba
60%
Nassau
52%
Roseau
47%
No matching quizzes found
Score Distribution
Percent of People with Each Score
Percentile by Number Answered
Your Score History
You have not taken this quiz since the last reset